Zgadnij przedmiot po podręczniku - Statystyki

Ogólne statystyki
  • Ten quiz został rozwiązany 30 razy
  • Średni wynik to 9 z 11
Statystyki odpowiedzi
Obrazkowy Odpowiedź % Poprawnych
biologia
100%
historia
100%
geografia
96%
plastyka
96%
informatyka
88%
muzyka
88%
język polski
76%
matematyka
72%
technika
72%
język angielski
64%
religia
32%
Nie znaleziono quizów pasujących do podanych kryteriów
Rozkład punktacji
Procent ludzi z każdym wynikiem
Percentyl według liczby udzielonych odpowiedzi
Twoja historia wyników
Nie rozwiązałeś tego quizu